000 00451nam a22001697a 4500
999 _c524378
_d524378
003 NUST
038 _awaseem
082 _a891.421
_bMIR
100 _aMirza, Muhammad Saleem
_915203
245 _aQadran /
_cMuhammad Saleem Mirza
260 _aRawalpindi :
_bA. Hussain Publications,
_c2000.
300 _a161 p. ;
500 _aHardcover.
880 _6100-01\r
_aمحمد سلیم مرزا
880 _6245-02\r
_aقدراں /
942 _2ddc
_cBK